000 00345nam a2200145Ia 4500
005 20250322123221.0
008 240331s9999 xx 000 0 und d
082 _bREV
_a894
100 _aRevathi,K
245 0 _aUdalin kathavu
260 _aChennai
_bPanikkudam Pathippagam
_c2006
300 _a124 p .,
650 _aFeminist Poems
942 _cL
999 _c1326
_d1326